| 000 | 005060000a22001690004500 | ||
|---|---|---|---|
| 041 | 0 | _aENG | |
| 082 | 0 | 4 | _aG 268.432 S6795s |
| 100 | 1 | _aSoderholm, Marjorie | |
| 245 | 1 | 0 | _aSalvation -- Then what? : A manual for those who want to do follow-up work with children / Marjorie Soderholm |
| 260 | _aMinneapolis, MINN., USA : Free Church | ||
| 300 | _a67 Pag | ||
| 001 | 8044 | ||
| 942 | _cBK | ||
| 999 |
_c38242 _d38242 |
||
| 336 |
_atexto _btxt _2rdacontent |
||
| 337 |
_2rdamedia _asin mediación _bn |
||
| 338 |
_2rdacarrier _avolumen _bnc |
||